00817nam a2200205 a 450000100100000000500170001000800410002702000150006804000250008310000290010824000400013724501460017726000380032330000210036149000320038270000360041483000390045095201050048999900170059400004268520201002040327.0140206s1999 sp a 000 0 spa d a8440690258 aDO-SdBNPbspacBNPHU1 aMillman, Lawrence96998710aLast places. A journey in the north10aEn los confines del mundo :bpor el Atlántico Norte, siguiendo la ruta de los vikingos /cLawrence Millman; traducción, Ángela Pérez. aBarcelona, :bEdiciones B,c1999. a297 p. ;c19 cm.1 aBiblioteca Grandes Viajeros1 aPérez, Ángelaetrad.911936 0aBiblioteca Grandes Viajeros969748 001050718MOaGRbGRcCTd2014-02-05iLF1l0o p42685-10r2020-06-25w2020-06-25y1ZNo se presta c42174d42174